Leyendo a Unamuno: sugerencias de San Manuel Bueno, Martir
Saved in:
| Hovedforfatter: | |
|---|---|
| Format: | Bog |
| Sprog: | spansk |
| Udgivet: |
Madrid
Guía
1985
|
| Fag: | |
| Tags: |
Tilføj Tag
Ingen Tags, Vær først til at tagge denne postø!
|
MARC
| LEADER | 00000nam a2200000 a 4500 | ||
|---|---|---|---|
| 001 | UCW9318 | ||
| 003 | CL-VaPUC | ||
| 008 | 890309e19850000SP |||||||||||||||||spa|d | ||
| 082 | 0 | 4 | |a 863.09 |b PAY |2 21 |
| 100 | |a Payo, Estanis |e autor |9 314548 | ||
| 245 | 1 | 0 | |a Leyendo a Unamuno: sugerencias de San Manuel Bueno, Martir |
| 300 | |a 190 p | ||
| 942 | |c BK | ||
| 945 | |d 19890309 00:00:00 | ||
| 260 | |a Madrid |b Guía |c 1985 | ||
| 600 | 0 | 7 | |a UNAMUNO, MIGUEL DE |2 CL-VaPUC |9 312478 |
| 650 | 0 | |a Crítica e interpretación |9 255042 | |
| 583 | |a last modification |c 19890309 00:00:00 |k Rodrigo Vera | ||
| 999 | |c 221325 |d 221323 | ||
| 952 | |0 0 |1 0 |4 0 |6 863_090000000000000_PAY_1985 |7 0 |8 A |9 214506 |a FDOPOS |b FDOPOS |d 2019-11-15 |i 2831074 |o 863.09 PAY 1985 |p 2831074 |r 2025-01-22 |w 2019-11-15 |y BK |k MLH | ||